000 00617nam a2200229 a 4500
999 _c6198
_d6198
001 6198
003 BD - JCC
005 20180116180810.0
008 880808s1977 enkb 000 1 eng
020 _a0340220422
035 _a(BD - JCC)6198
040 _aDLC
_cDLC
_dm.c
_dBD - JCC
041 _aeng
082 _a823.914
_bCAR 1977
100 1 _aLe Carré, John,
_d1931-
245 1 4 _aThe honourable schoolboy /
_cJohn le Carré
260 _aLondon :
_bHodder and Stoughton,
_c1977
300 _a532 p. :
_bcol. maps (on lining papers) ;
_c23 cm
650 _aSpy, Stories
942 _2ddc
_cBK